| 000 | 00545nam a2200193 i 4500 | ||
|---|---|---|---|
| 001 | bgj | ||
| 100 | 1 |
_aOVID, _d(43 B.C - 17 or 18 A.D.) |
|
| 245 | 1 | 0 |
_aMetamorphoses / _cOvid ; translated by Rolfe Humphries. |
| 260 |
_aBloomington : _bIndiana University Press, _c1968. |
||
| 300 |
_aXIV, 401 pp ; _c20 cm. |
||
| 650 | 9 | _aNon-English literature | |
| 650 | 9 | _aMetamorphosis | |
| 650 | 9 | _aMythology, classical | |
| 650 | 9 | _aFables, Latin | |
| 040 | _cBPK | ||
| 041 | 0 |
_aeng _hlat |
|
| 942 | _cKS | ||
| 008 | s uk f |000 0 eng | ||
| 999 |
_c48805 _d48805 |
||
| 856 |
_uhttp://koha.tu.koszalin.pl/cgi-bin/koha/opac-detail.pl?biblionumber=48805 _yKatalog online BPK |
||